[Event "ICS rated blitz match"]
[Site "204.178.125.65"]
[Date "2001.09.09"]
[Round "?"]
[White "Hossa"]
[Black "flytox"]
[Result "1-0"]
[WhiteElo "2502"]
[BlackElo "2138"]
[PlyCount "43"]
[EventDate "2001.??.??"]

1. e4 e6 2. d4 d5 3. Nc3 Nf6 4. e5 Ne4 5. Nxe4 dxe4 6. Be3 c5 7. dxc5 Qa5+ 8.
c3 Bd7 9. Be2 Bc6 10. b4 Qa3 11. Qd2 Nd7 12. b5 Bxc5 13. bxc6 bxc6 14. Bf4
O-O-O 15. Qc2 Nb6 16. Rb1 Na4 17. Rb3 Rd5 18. Rxa3 Bxa3 19. Qxa4 Be7 20. Qxc6+
Kb8 21. Ba6 Rd7 22. Qxd7 {flytox resigns} 1-0

[Event "ICS rated standard match"]
[Site "204.178.125.65"]
[Date "2001.09.09"]
[Round "?"]
[White "Hossa"]
[Black "AvernoX"]
[Result "1/2-1/2"]
[WhiteElo "2221"]
[BlackElo "2165"]
[PlyCount "237"]
[EventDate "2001.??.??"]

1. e4 c6 2. d4 d5 3. e5 c5 4. dxc5 e6 5. Be3 Qc7 6. Nf3 Bxc5 7. Bxc5 Qxc5 8.
Nc3 Nc6 9. Nb5 Kf8 10. c3 Nge7 11. Bd3 Ng6 12. b4 Qb6 13. Bxg6 hxg6 14. Qe2 f6
15. Nd6 Bd7 16. Qe3 Ke7 17. Qc5 Qxc5 18. bxc5 b6 19. Rb1 Nxe5 20. Nxe5 fxe5 21.
Kd2 Raf8 22. Ke2 bxc5 23. Nb7 c4 24. h3 Rh4 25. Nc5 Bc6 26. Rhc1 d4 27. cxd4
Bxg2 28. Rxc4 Bf3+ 29. Kd2 Bd5 30. Ra4 Rxf2+ 31. Ke1 Rxa2 32. Rxa2 Bxa2 33.
Rb7+ Kd6 34. Rd7+ Kc6 35. Rxa7 exd4 36. Nd3 Bb1 37. Nf2 Rh7 38. Ra6+ Kd5 39.
Ra5+ Kc4 40. Kd2 Bf5 41. Ra4+ Kd5 42. Ra5+ Kd6 43. Ke2 Bb1 44. Ra1 Bc2 45. Ra2
Bb3 46. Ra6+ Kc5 47. Kf3 Bc4 48. Ra5+ Bb5 49. Ra7 d3 50. Kf4 d2 51. Ra2 d1=Q
52. Nxd1 Rxh3 53. Nf2 g5+ 54. Kxg5 Rf3 55. Rd2 Rg3+ 56. Kf4 Rg1 57. Ne4+ Kb4
58. Rb2+ Ka5 59. Nd6 Rf1+ 60. Ke5 Re1+ 61. Kd4 Rd1+ 62. Ke5 Bd7 63. Nc4+ Ka6
64. Nb6 Bb5 65. Na8 Rc1 66. Kxe6 Rc5 67. Rg2 Kb7 68. Rxg7+ Kxa8 69. Rg8+ Kb7
70. Kf6 Rc1 71. Rg7+ Kb6 72. Kg6 Rf1 73. Re7 Bd3+ 74. Kg7 Kc5 75. Re5+ Kd4 76.
Rg5 Bf5 77. Rh5 Ke5 78. Rh4 Rg1+ 79. Kf7 Rb1 80. Rh2 Ra1 81. Re2+ Be4 82. Rf2
Ra7+ 83. Kf8 Bg6 84. Rf1 Bf5 85. Ke8 Ra8+ 86. Kf7 Ra2 87. Re1+ Be4 88. Kg8 Ra7
89. Kh8 Re7 90. Rf1 Rb7 91. Re1 Rb2 92. Kg7 Rh2 93. Rf1 Rh7+ 94. Kg8 Ra7 95.
Re1 Ra3 96. Re2 Rb3 97. Kf7 Rb7+ 98. Kf8 Rc7 99. Rh2 Bc2 100. Rh5+ Bf5 101. Rh6
Rd7 102. Rc6 Be4 103. Rc4 Rh7 104. Rb4 Bf5 105. Rb6 Bd3 106. Rc6 Bb1 107. Rc5+
Kd6 108. Rg5 Ba2 109. Rg6+ Be6 110. Rf6 Ke5 111. Rg6 Bd5 112. Rb6 Rf7+ 113. Ke8
Rg7 114. Rh6 Bh1 115. Rh5+ Kf6 116. Rh4 Re7+ 117. Kd8 Ba8 118. Rf4+ Kg7 119.
Kxe7 {Game drawn by the 50 move rule} 1/2-1/2

[Event "ICS rated standard match"]
[Site "204.178.125.65"]
[Date "2001.09.09"]
[Round "?"]
[White "AvernoX"]
[Black "Hossa"]
[Result "1/2-1/2"]
[WhiteElo "2168"]
[BlackElo "2218"]
[PlyCount "185"]
[EventDate "2001.??.??"]

1. Nf3 Nf6 2. g3 g6 3. Bg2 Bg7 4. d4 d5 5. O-O O-O 6. Nc3 Bf5 7. Ne5 Nbd7 8.
Nxd5 Nxd5 9. e4 Nxe5 10. dxe5 Nb4 11. exf5 Qxd1 12. Rxd1 Nxc2 13. Rb1 Bxe5 14.
fxg6 fxg6 15. Bxb7 Rab8 16. Be4 Nd4 17. Be3 c5 18. Kh1 Rfd8 19. Rdc1 Rbc8 20.
Rc4 Kf7 21. Rbc1 Ne2 22. Re1 Nd4 23. f4 Bf6 24. Rd1 Rd6 25. Rb1 Rb6 26. Ra4 Nf5
27. Bg1 Rxb2 28. Rc1 a5 29. Rxa5 Nd6 30. Bd5+ e6 31. Ra7+ Be7 32. Bxe6+ Kxe6
33. Re1+ Kd5 34. Rexe7 Rc6 35. Rxh7 c4 36. Rhg7 c3 37. Rxg6 c2 38. Rg5+ Ke6 39.
f5+ Ke5 40. f6+ Kxf6 41. Bd4+ Kxg5 42. Bxb2 c1=R+ 43. Bxc1+ Rxc1+ 44. Kg2 Rc2+
45. Kh3 Ne4 46. Ra5+ Kf6 47. g4 Ke6 48. Ra4 Rc3+ 49. Kg2 Ke5 50. a3 Kf4 51. g5
Rc2+ 52. Kh3 Kf3 53. Ra5 Nc5 54. Rb5 Ne6 55. Rb3+ Kf4 56. Rb4+ Kxg5 57. Ra4 Kf5
58. Kg3 Rc3+ 59. Kh4 Nc5 60. Ra8 Ne4 61. a4 Nf6 62. Ra5+ Kf4 63. Ra6 Nd5 64.
Ra8 Ne7 65. Rb8 Rc1 66. Rb4+ Kf5 67. Kg3 Rc3+ 68. Kf2 Nc6 69. Rh4 Ra3 70. Kg2
Ne5 71. Rb4 Nd3 72. Rb5+ Kg4 73. a5 Ra2+ 74. Kg1 Ne1 75. Rb4+ Kf3 76. Rb3+ Ke4
77. Rb4+ Ke3 78. Rb3+ Kf4 79. Rb4+ Ke5 80. h4 Nd3 81. Rb5+ Kf4 82. h5 Ne5 83.
Rb7 Kg3 84. Kf1 Nd3 85. h6 Kf3 86. Rf7+ Nf4 87. Ke1 Re2+ 88. Kd1 Re8 89. a6
Rd8+ 90. Ke1 Re8+ 91. Kd1 Rd8+ 92. Ke1 Re8+ 93. Kd1 {Game drawn by repetition}
1/2-1/2

[Event "ICS rated blitz match"]
[Site "204.178.125.65"]
[Date "2001.09.09"]
[Round "?"]
[White "Jonmeista"]
[Black "Hossa"]
[Result "0-1"]
[WhiteElo "2252"]
[BlackElo "2506"]
[PlyCount "138"]
[EventDate "2001.??.??"]

1. e4 c5 2. c3 d5 3. exd5 Qxd5 4. d4 Nf6 5. Nf3 e6 6. Na3 cxd4 7. Nb5 Na6 8.
Qxd4 Bc5 9. Qxd5 Nxd5 10. b4 Be7 11. a3 O-O 12. Bd2 Bf6 13. Rc1 Rd8 14. c4 Ne7
15. Bc3 Bxc3+ 16. Rxc3 Ng6 17. h4 Bd7 18. h5 Ne7 19. Nbd4 f6 20. c5 Nd5 21. Rc1
Nac7 22. Bc4 e5 23. Nc2 Be6 24. g3 a5 25. b5 Rac8 26. a4 Ne8 27. Ne3 Rxc5 28.
Ke2 Kf8 29. Rhd1 Nxe3 30. Bxe6 Nxd1 31. Rxc5 Nb2 32. b6 Nxa4 33. Rxa5 Nc3+ 34.
Kf1 Rd1+ 35. Kg2 e4 36. Nh4 Rd2 37. Kf1 Rd6 38. Bf5 Rxb6 39. Bxh7 Nc7 40. Rc5
Rc6 41. Rxc6 bxc6 42. Nf5 N7b5 43. Bg6 c5 44. Ke1 c4 45. g4 Na2 46. Ne3 Nd6 47.
Kd2 Nb4 48. Kc3 Nd3 49. Nxc4 Nxc4 50. Kxc4 Nxf2 51. Kd4 Nxg4 52. Kxe4 Ne5 53.
Bf5 Nc4 54. Kf4 Ke7 55. Bd3 Nd6 56. Kg4 Kf7 57. Bg6+ Kf8 58. Bd3 Kg8 59. Kf4
Kf7 60. Bg6+ Ke6 61. Kg4 Ke5 62. Bc2 Nf7 63. Bb3 Nh6+ 64. Kh4 Kf4 65. Bc2 Nf5+
66. Kh3 Kg5 67. Bd1 Nd4 68. Kg3 Ne6 69. Bg4 Nf4 {Jonmeista resigns} 0-1

[Event "ICS rated blitz match"]
[Site "204.178.125.65"]
[Date "2001.09.09"]
[Round "?"]
[White "Hossa"]
[Black "fishbein"]
[Result "1-0"]
[WhiteElo "2512"]
[BlackElo "2602"]
[PlyCount "79"]
[EventDate "2001.??.??"]

1. d4 Nf6 2. Nf3 g6 3. g3 Bg7 4. Bg2 O-O 5. O-O d6 6. a4 a5 7. Nc3 Nc6 8. Bg5
Bg4 9. d5 Nb4 10. e4 c6 11. h3 Bxf3 12. Bxf3 cxd5 13. exd5 Rc8 14. Re1 Re8 15.
Bf4 Nd7 16. Bd2 Ne5 17. Be2 Nc4 18. Qc1 Nxd2 19. Qxd2 Qc7 20. Bb5 Red8 21. Re3
Bh6 22. f4 Bg7 23. Rd1 Qb6 24. Kh2 Bxc3 25. Rxc3 Rxc3 26. bxc3 Na6 27. f5 Nc5
28. Re1 Qc7 29. Qg5 f6 30. Qf4 g5 31. Qf3 Kg7 32. Qe2 Kf8 33. Qh5 Kg7 34. Be8
Rxe8 35. Qxe8 e5 36. fxe6 Nxa4 37. e7 Nxc3 38. Qf8+ Kg6 39. e8=Q+ Kf5 40. Rf1#
{fishbein checkmated} 1-0

[Event "ICS rated blitz match"]
[Site "204.178.125.65"]
[Date "2001.09.09"]
[Round "?"]
[White "Clemente"]
[Black "Hossa"]
[Result "1/2-1/2"]
[WhiteElo "2464"]
[BlackElo "2532"]
[PlyCount "172"]
[EventDate "2001.??.??"]

1. e4 c5 2. Nf3 Nc6 3. d4 cxd4 4. Nxd4 Qc7 5. Nc3 e6 6. Be2 a6 7. O-O Nf6 8.
Be3 Bb4 9. Na4 Bd6 10. g3 b5 11. Nb6 Rb8 12. Nxc8 Rxc8 13. c4 bxc4 14. Nxc6
dxc6 15. Qc2 O-O 16. Rfd1 Rb8 17. Bxc4 Ng4 18. Bd4 Be5 19. Qe2 Bxd4 20. Rxd4
Qe5 21. Rad1 Qh5 22. f4 a5 23. e5 Rb7 24. Rd8 Rb8 25. Rxb8 Rxb8 26. Rd7 Qh3 27.
f5 Re8 28. fxe6 fxe6 29. Rd6 Nh6 30. Qd3 Kh8 31. Rxe6 Rg8 32. Rxc6 Ng4 33. Qc2
Rf8 34. e6 Qh6 35. Qe2 Qc1+ 36. Kg2 Nf2 37. Qxf2 Rxf2+ 38. Kxf2 Qxb2+ 39. Kf3
Qc3+ 40. Ke4 Qe1+ 41. Kd5 Qd2+ 42. Ke5 Qg5+ 43. Kd6 Qd8+ 44. Kc5 g6 45. Ra6
Qc7+ 46. Kb5 Qe5+ 47. Kc6 Qc3 48. Kd5 Qd2+ 49. Ke4 Qxh2 50. e7 Qg2+ 51. Kd4
Qd2+ 52. Ke5 Qe1+ 53. Kd6 Qxg3+ 54. Kc6 Qf3+ 55. Bd5 Qf6+ 56. Kd7 Qxa6 57.
e8=Q+ Kg7 58. Qe7+ Kh6 59. Qh4+ Kg7 60. Qd4+ Qf6 61. Qa7 Qc3 62. Ke6+ Kh6 63.
Qf7 g5 64. Qf6+ Qxf6+ 65. Kxf6 Kh5 66. Ke5 Kg4 67. Be6+ Kh4 68. a4 g4 69. Kf4
h5 70. Bd7 Kh3 71. Kg5 Kh2 72. Kxh5 g3 73. Bc6 g2 74. Bxg2 Kxg2 75. Kg4 Kf2 76.
Kf4 Ke2 77. Ke4 Kd2 78. Kd4 Ke2 79. Kc5 Kd3 80. Kb5 Kd4 81. Kxa5 Kc5 82. Ka6
Kc6 83. Ka5 Kc5 84. Ka6 Kc6 85. Ka5 Kc5 86. Ka6 Kc6 {Game drawn by repetition}
1/2-1/2

[Event "ICS rated blitz match"]
[Site "204.178.125.65"]
[Date "2001.09.09"]
[Round "?"]
[White "Hossa"]
[Black "TacticalFish"]
[Result "1-0"]
[WhiteElo "2529"]
[BlackElo "2054"]
[PlyCount "20"]
[EventDate "2001.??.??"]

1. d4 d5 2. c4 e5 3. dxe5 d4 4. Nf3 Nc6 5. g3 Bf5 6. Bg2 Qd7 7. O-O O-O-O 8.
Qa4 Bc5 9. Qb5 Bb6 10. Ng5 Nh6 {TacticalFish resigns} 1-0

[Event "ICS rated blitz match"]
[Site "204.178.125.65"]
[Date "2001.09.09"]
[Round "?"]
[White "Hossa"]
[Black "monsoon"]
[Result "1-0"]
[WhiteElo "2531"]
[BlackElo "2649"]
[PlyCount "131"]
[EventDate "2001.??.??"]

1. e4 c5 2. Nf3 d6 3. d4 cxd4 4. Qxd4 Nc6 5. Qd3 Nf6 6. Be2 e5 7. Nc3 a6 8. Bg5
Be7 9. O-O-O Be6 10. Bxf6 Bxf6 11. Qxd6 Qxd6 12. Rxd6 Be7 13. Rdd1 Rc8 14. Kb1
O-O 15. Nd5 Bc5 16. Rhf1 Rfd8 17. c3 f6 18. Bc4 Kh8 19. Nd2 b5 20. Nb3 Bd6 21.
Bd3 Ne7 22. Be2 Nxd5 23. exd5 Bf7 24. Rh1 h5 25. a3 Be7 26. Bf3 f5 27. Na5 e4
28. Nc6 Rxc6 29. dxc6 exf3 30. c7 Rc8 31. Rd7 f4 32. Rxe7 fxg2 33. Rhe1 Bg6+
34. Kc1 f3 35. Kd2 Bf5 36. Ke3 Bg4 37. h3 Bxh3 38. Kxf3 Kh7 39. Kg3 Bf5 40.
Kxg2 Kg6 41. Kg3 Kf6 42. f4 g6 43. R1e5 Bg4 44. Kh4 Bf5 45. Re1 Bg4 46. b3 Bf5
47. R1e5 Bg4 48. c4 bxc4 49. bxc4 Bf5 50. c5 Bg4 51. c6 Bf5 52. Kg3 Bg4 53. Rd7
Bf5 54. Ra5 Ke6 55. Rxa6 h4+ 56. Kxh4 Be4 57. Ra7 Bxc6 58. Rd8 Bd7 59. Ra6+ Ke7
60. Rxg6 Bf5 61. Rxc8 Be4 62. Re8+ Kxe8 63. c8=Q+ Ke7 64. Re6+ Kf7 65. Qd7+ Kf8
66. Re8# {monsoon checkmated} 1-0

[Event "ICS rated blitz match"]
[Site "204.178.125.65"]
[Date "2001.09.09"]
[Round "?"]
[White "QueenMaxima"]
[Black "Hossa"]
[Result "0-1"]
[WhiteElo "2426"]
[BlackElo "2552"]
[PlyCount "144"]
[EventDate "2001.??.??"]

1. Nf3 e6 2. g3 b6 3. Bg2 Bb7 4. O-O Nf6 5. c4 Be7 6. Nc3 O-O 7. Re1 d5 8. cxd5
exd5 9. d4 Nbd7 10. Bf4 Nh5 11. Bd2 Nhf6 12. Bf4 Nh5 13. Bd2 Nhf6 14. Rc1 c5
15. Qa4 Ne4 16. Bf4 Ndf6 17. h3 Re8 18. Nb5 Nh5 19. Bc7 Qc8 20. dxc5 Bxc5 21.
Nfd4 Qd7 22. g4 Nhf6 23. g5 Nh5 24. Bf3 Qxh3 25. b4 Bxd4 26. Nxd4 Qh4 27. Bxe4
dxe4 28. g6 hxg6 29. e3 Qh3 30. Red1 Re7 31. Bd6 Rd7 32. Ne2 a6 33. Be5 b5 34.
Qb3 Rd3 35. Nc3 Re8 36. Bh2 Rc8 37. Rf1 Rd2 38. Rc2 Qg4+ 39. Kh1 Rxc2 40. Qxc2
Qh3 41. Kg1 Nf6 42. Qd2 Ng4 43. Bd6 Rd8 44. Rd1 g5 45. Nd5 Bxd5 46. Qxd5 Nh2
47. f3 Nxf3+ 48. Kf2 Nh4 49. Qxe4 Qf5+ 50. Qxf5 Nxf5 51. e4 Nxd6 52. Kf3 f6 53.
Rd5 Nf7 54. Ke3 Rxd5 55. exd5 f5 56. Kf2 f4 57. Kg2 g4 58. Kf1 g3 59. Kg2 Kf8
60. a3 Ke7 61. a4 bxa4 62. b5 axb5 63. d6+ Kxd6 64. Kf3 Ke5 65. Ke2 a3 66. Kd2
a2 67. Kc3 a1=Q+ 68. Kb4 Qd4+ 69. Kb3 Qc4+ 70. Kb2 g2 71. Kb1 g1=Q+ 72. Kb2
Qgc1# {QueenMaxima checkmated} 0-1

[Event "ICS rated blitz match"]
[Site "204.178.125.65"]
[Date "2001.09.09"]
[Round "?"]
[White "RivalChess"]
[Black "Hossa"]
[Result "0-1"]
[WhiteElo "2196"]
[BlackElo "2562"]
[PlyCount "108"]
[EventDate "2001.??.??"]

1. e4 c5 2. Nf3 Nc6 3. Nc3 g6 4. Bc4 Bg7 5. O-O d6 6. d3 Nf6 7. Bg5 O-O 8. Kh1
Bg4 9. Bxf6 Bxf6 10. Bd5 Nd4 11. a4 e6 12. Bc4 Be5 13. h3 Nxf3 14. d4 cxd4 15.
Nb5 Qh4 16. Nxd4 Bxd4 17. Be2 Bxh3 18. Bxf3 Be5 19. g3 Qh6 20. Re1 Bxb2 21. Rb1
Bc3 22. Re3 Be5 23. Reb3 f5 24. Kg1 f4 25. Qd2 b6 26. c4 Kg7 27. Bh1 Rac8 28.
Qd3 fxg3 29. fxg3 Rc7 30. Bg2 Bxg2 31. Kxg2 Rcf7 32. Qe3 Rf2+ 33. Qxf2 Rxf2+
34. Kxf2 Qh2+ 35. Kf1 Bxg3 36. R1b2 Qh1+ 37. Ke2 Qxe4+ 38. Kd2 Bf4+ 39. Kd1
Qxc4 40. Ke1 Be5 41. Rb1 Qxa4 42. Kd2 Qd4+ 43. Kc2 h5 44. Ra3 Qc5+ 45. Kd2 Qxa3
46. Rf1 Qb2+ 47. Ke3 Bd4+ 48. Kf3 Qc3+ 49. Kg2 Qd2+ 50. Kh1 Qe3 51. Kg2 Qe2+
52. Rf2 Qxf2+ 53. Kh3 Qg1 54. Kh4 Qg4# {RivalChess checkmated} 0-1

[Event "ICS rated standard match"]
[Site "204.178.125.65"]
[Date "2001.09.09"]
[Round "?"]
[White "Hossa"]
[Black "AvernoX"]
[Result "1-0"]
[WhiteElo "2216"]
[BlackElo "2176"]
[PlyCount "213"]
[EventDate "2001.??.??"]

1. Nf3 c5 2. c4 g6 3. d4 cxd4 4. Nxd4 f5 5. e3 Nh6 6. Be2 Bg7 7. O-O O-O 8. c5
Kh8 9. Kh1 d6 10. cxd6 Qxd6 11. Nb5 Qe5 12. Qd4 Nc6 13. Qxe5 Bxe5 14. f4 Bg7
15. Nc7 Rb8 16. Nc3 Bd7 17. Rd1 Rfd8 18. Bd2 e5 19. Be1 exf4 20. exf4 Nd4 21.
Rd2 a6 22. Rad1 Rdc8 23. N3d5 Nxe2 24. Rxe2 Ng4 25. Re7 Bc6 26. h3 Nh6 27. Bc3
Bxc3 28. bxc3 Rf8 29. c4 Ng8 30. Ree1 Ba4 31. Rb1 Rfc8 32. Rbc1 Bc6 33. Re6 Rd8
34. Nb4 Ba4 35. Rb6 a5 36. Nbd5 Bc6 37. Rcb1 Rdc8 38. Ne6 Re8 39. Nc5 Rec8 40.
Nb3 Ra8 41. Nd4 Ra7 42. Kh2 Ba4 43. Rc1 Nh6 44. Re6 Rd8 45. Rce1 Ng8 46. Rb6
Be8 47. Kg3 a4 48. Kf3 a3 49. g4 Ra4 50. Ne6 Rb8 51. Nb4 Rc8 52. c5 fxg4+ 53.
hxg4 Ra7 54. f5 gxf5 55. gxf5 Ba4 56. Ke4 Nf6+ 57. Kd4 Nd7 58. Rd6 Bb5 59. Rd1
Rg8 60. Nd5 Bc6 61. Ne7 Rg3 62. Rd3 Rxd3+ 63. Kxd3 Ba4 64. f6 Ra8 65. c6 Bxc6
66. Nxc6 Nxf6 67. Ne5 h5 68. Nd7 Nxd7 69. Rxd7 Ra4 70. Rxb7 Rg4 71. Nc5 h4 72.
Rb1 Rg2 73. Ne4 h3 74. Nc3 Rb2 75. Ra1 h2 76. Rf1 Kh7 77. Ke3 Rc2 78. Kd4 Rg2
79. Rh1 Kg6 80. Kc4 Rb2 81. Kd3 Rg2 82. Ne2 Kg5 83. Ke3 Kg4 84. Rd1 Kh3 85.
Nf4+ Kg3 86. Nxg2 Kxg2 87. Kd4 h1=Q 88. Rxh1 Kxh1 89. Kc5 Kg2 90. Kb4 Kh3 91.
Kxa3 Kg4 92. Kb4 Kf5 93. Kc5 Ke6 94. Kc6 Ke7 95. a4 Kd8 96. Kb7 Ke8 97. a5 Kf8
98. a6 Kg8 99. a7 Kg7 100. Kc7 Kf6 101. a8=Q Ke5 102. Qa4 Kd5 103. Qf4 Ke6 104.
Qg5 Kf7 105. Kd7 Kf8 106. Ke6 Ke8 107. Qg8# {AvernoX checkmated} 1-0

[Event "ICS rated blitz match"]
[Site "204.178.125.65"]
[Date "2001.09.10"]
[Round "?"]
[White "Hossa"]
[Black "Grok"]
[Result "1-0"]
[WhiteElo "2583"]
[BlackElo "2592"]
[PlyCount "135"]
[EventDate "2001.??.??"]

1. Nf3 Nf6 2. g3 g6 3. Bg2 Bg7 4. d4 d5 5. O-O O-O 6. Nc3 Bf5 7. Ne5 c6 8. f3
Nbd7 9. e4 Be6 10. Nd3 dxe4 11. fxe4 Qb6 12. Ne2 Bg4 13. Be3 e5 14. c3 exd4 15.
Bxd4 c5 16. Bf2 Rad8 17. Qc2 Qa6 18. Nef4 c4 19. Nc5 Nxc5 20. Bxc5 Rfe8 21. h3
g5 22. Nd5 Nxd5 23. exd5 Re2 24. Qc1 Qa5 25. Bf2 Bc8 26. Qxg5 Rxb2 27. Bd4
Rxg2+ 28. Kxg2 Qxd5+ 29. Qxd5 Rxd5 30. Bxg7 Kxg7 31. Rad1 Ra5 32. Rd2 Re5 33.
g4 f5 34. Rf4 Be6 35. gxf5 Rxf5 36. Rxf5 Bxf5 37. Rd4 Be6 38. Kg3 Kg6 39. Re4
Kf5 40. Rh4 Kg6 41. Rf4 a6 42. h4 h6 43. Rd4 Kf5 44. Rd8 h5 45. Rh8 Bf7 46. Rf8
Kg6 47. Kf4 Kf6 48. Ke3 Ke7 49. Rb8 Bd5 50. Kd4 Ke6 51. Re8+ Kd7 52. Rh8 Bf7
53. Rh6 a5 54. Rb6 Kc7 55. Rf6 Be8 56. Kxc4 b6 57. Kd5 a4 58. c4 b5 59. c5 a3
60. Ke5 b4 61. Rb6 Bf7 62. Rxb4 Bxa2 63. Ra4 Kc6 64. Kd4 Be6 65. Ra6+ Kd7 66.
Rxa3 Bg4 67. Rg3 Bd1 68. Kd5 {Grok resigns} 1-0

[Event "ICS rated blitz match"]
[Site "204.178.125.65"]
[Date "2001.09.10"]
[Round "?"]
[White "Grok"]
[Black "Hossa"]
[Result "0-1"]
[WhiteElo "2576"]
[BlackElo "2599"]
[PlyCount "84"]
[EventDate "2001.??.??"]

1. d4 Nf6 2. c4 e6 3. Nc3 Bb4 4. Qc2 O-O 5. a3 Bxc3+ 6. Qxc3 Ne4 7. Qc2 f5 8.
e3 Nc6 9. Nf3 b6 10. Bd3 Bb7 11. O-O Ng5 12. Nxg5 Qxg5 13. d5 Ne7 14. Bd2 a5
15. f3 Ng6 16. Kh1 Qh5 17. dxe6 dxe6 18. Bc3 Rad8 19. Rad1 Rf7 20. b3 Rfd7 21.
c5 Ne7 22. cxb6 cxb6 23. Bd4 Rd6 24. Qc7 Bc6 25. Be2 Qe8 26. Be5 Rxd1 27. Rxd1
Rxd1+ 28. Bxd1 Qd7 29. Qb8+ Kf7 30. Bd4 Ng6 31. Qxb6 e5 32. Qxa5 exd4 33. exd4
Qxd4 34. Qxf5+ Ke7 35. Qc2 Kd6 36. Qc1 Nf4 37. Bc2 Nh3 38. Qb1 Qe3 39. Qd1+ Kc7
40. gxh3 Bxf3+ 41. Qxf3 Qxf3+ 42. Kg1 Qe3+ {Grok resigns} 0-1

[Event "ICS rated blitz match"]
[Site "204.178.125.65"]
[Date "2001.09.10"]
[Round "?"]
[White "Hossa"]
[Black "Ecwlapio"]
[Result "1-0"]
[WhiteElo "2614"]
[BlackElo "2002"]
[PlyCount "57"]
[EventDate "2001.??.??"]

1. d4 Nf6 2. Nf3 e6 3. c4 b6 4. a3 Bb7 5. Nc3 c5 6. d5 d6 7. g3 e5 8. Bh3 Bc8
9. Bxc8 Qxc8 10. Qa4+ Nbd7 11. Bg5 Be7 12. Qc6 O-O 13. Qxc8 Rfxc8 14. Bxf6 Nxf6
15. e3 a6 16. Ke2 Rab8 17. h3 b5 18. Nd2 b4 19. axb4 cxb4 20. Nd1 Rb6 21. f3
Nd7 22. Nf2 Bd8 23. Nd3 Ra8 24. Ra4 a5 25. Rha1 Rbb8 26. h4 Kf8 27. b3 Rc8 28.
Nxb4 Nc5 29. R4a3 {Ecwlapio resigns} 1-0

[Event "ICS rated blitz match"]
[Site "204.178.125.65"]
[Date "2001.09.10"]
[Round "?"]
[White "Ecwlapio"]
[Black "Hossa"]
[Result "0-1"]
[WhiteElo "2001"]
[BlackElo "2615"]
[PlyCount "74"]
[EventDate "2001.??.??"]

1. e4 c5 2. Nf3 Nc6 3. d4 cxd4 4. Nxd4 g6 5. c4 Bg7 6. Be3 Nf6 7. Nc3 Ng4 8.
Qxg4 Nxd4 9. Qd1 Ne6 10. Rc1 Qa5 11. Qd2 O-O 12. a3 f5 13. exf5 Qxf5 14. Bd3
Qf7 15. O-O b6 16. Nd5 Nc5 17. Bc2 Bxb2 18. Bxg6 hxg6 19. Qxb2 Nd3 20. Qe2 Nxc1
21. Rxc1 Bb7 22. Bh6 Bxd5 23. Bxf8 Bxc4 24. Rxc4 Kxf8 25. g3 Ke8 26. Rf4 Qg7
27. Qe4 Rc8 28. Qb7 Qc3 29. Qxa7 Qc1+ 30. Kg2 Qc6+ 31. Kh3 Ra8 32. Qxa8+ Qxa8
33. a4 Qh1 34. Rb4 Qf1+ 35. Kg4 Qxf2 36. Rf4 Qe2+ 37. Kg5 Qh5# {
Ecwlapio checkmated} 0-1

[Event "ICS rated blitz match"]
[Site "204.178.125.65"]
[Date "2001.09.10"]
[Round "?"]
[White "Hossa"]
[Black "Ecwlapio"]
[Result "1-0"]
[WhiteElo "2616"]
[BlackElo "2000"]
[PlyCount "104"]
[EventDate "2001.??.??"]

1. Nf3 Nf6 2. g3 g6 3. Bg2 Bg7 4. d4 O-O 5. c4 d6 6. O-O c6 7. Nc3 Nbd7 8. e4
e5 9. dxe5 dxe5 10. Qd6 Re8 11. Rd1 Qa5 12. Be3 Bf8 13. Qd2 Qc7 14. Bg5 Bg7 15.
Rab1 Nc5 16. Qe3 Ne6 17. Bh4 Ng4 18. Qd2 Nd4 19. h3 Nxf3+ 20. Bxf3 Nf6 21. Qd6
Qxd6 22. Rxd6 Be6 23. g4 Nd7 24. Nd5 cxd5 25. exd5 Bf8 26. dxe6 Bxd6 27. exd7
Reb8 28. d8=Q+ Rxd8 29. Bxb7 Rab8 30. Bxd8 Rxd8 31. b4 Rb8 32. c5 Rxb7 33. cxd6
Rd7 34. Rd1 f6 35. Rc1 Kf7 36. Rc6 Ke6 37. Ra6 h5 38. a4 f5 39. gxh5 gxh5 40.
Kg2 f4 41. Kf3 Kf5 42. Ra5 Rxd6 43. Rxa7 e4+ 44. Ke2 f3+ 45. Ke1 Kf4 46. b5 Rd3
47. b6 Rb3 48. Rf7+ Ke5 49. a5 Rb1+ 50. Kd2 Rb2+ 51. Kc3 Rxf2 52. b7 Re2 {
Ecwlapio resigns} 1-0

[Event "ICS rated standard match"]
[Site "204.178.125.65"]
[Date "2001.09.10"]
[Round "?"]
[White "HangerOn"]
[Black "Hossa"]
[Result "1-0"]
[WhiteElo "2505"]
[BlackElo "2230"]
[PlyCount "87"]
[EventDate "2001.??.??"]

1. e4 c5 2. Nf3 Nc6 3. Bb5 Nf6 4. Qe2 Nb4 5. d4 a6 6. c3 axb5 7. cxb4 cxb4 8.
Bf4 b3 9. Nc3 Nh5 10. Bd2 b4 11. Nb5 d5 12. Rc1 bxa2 13. O-O a1=Q 14. Rxa1 Rxa1
15. Rxa1 g6 16. Ra8 Bg7 17. Na7 O-O 18. Rxc8 Qa5 19. Rxf8+ Bxf8 20. Nb5 dxe4
21. Ne5 Qa1+ 22. Qf1 Qxb2 23. Qc4 Qb1+ 24. Bc1 e6 25. Qc7 Be7 26. g3 f6 27.
Qxe7 Qxc1+ 28. Kg2 fxe5 29. Qd8+ Kg7 30. Nc7 b3 31. Nxe6+ Kf7 32. Qd7+ Kf6 33.
Nd8 Qa3 34. Qc7 Qe7 35. dxe5+ Qxe5 36. Qf7+ Kg5 37. h4+ Kh6 38. Qf8+ Ng7 39.
Nf7+ Kh5 40. Nxe5 Nf5 41. Qf6 Ne3+ 42. fxe3 Kh6 43. Nf7+ Kh5 44. Qg5# {
Hossa checkmated} 1-0

[Event "ICS rated blitz match"]
[Site "204.178.125.65"]
[Date "2001.09.10"]
[Round "?"]
[White "star2"]
[Black "Hossa"]
[Result "1-0"]
[WhiteElo "2800"]
[BlackElo "2617"]
[PlyCount "98"]
[EventDate "2001.??.??"]

1. e4 c5 2. Nf3 d6 3. Nc3 Nc6 4. d4 cxd4 5. Nxd4 e5 6. Nf3 Be7 7. Bc4 Nf6 8. h3
O-O 9. O-O Be6 10. Bb3 Na5 11. Bxe6 fxe6 12. Qe2 Rc8 13. Rd1 Nc4 14. Ng5 Qd7
15. a4 Ne8 16. Nf3 Bf6 17. b3 Na5 18. Na2 Nc6 19. Be3 Nc7 20. b4 b6 21. b5 Na5
22. Bd2 Nb7 23. Nb4 Ne8 24. Nc6 a5 25. Be3 Qc7 26. Ra3 Nd8 27. Rc3 Kh8 28. Qd3
Nb7 29. Nd2 d5 30. exd5 e4 31. Nxe4 exd5 32. Ng5 Bxg5 33. Bxg5 Ned6 34. f3 Rf5
35. Be7 Rh5 36. Qd4 Rf5 37. Qg4 Re8 38. Re3 Nc4 39. Re6 Qc8 40. Qxf5 Ne3 41.
Qf7 Nd6 42. Rxd6 Nxd1 43. Bd8 Rg8 44. Rh6 Qxc6 45. bxc6 Rxd8 46. c7 Rc8 47. Rd6
h6 48. Rd8+ Rxd8 49. cxd8=Q+ Kh7 {Hossa resigns} 1-0

[Event "ICS rated blitz match"]
[Site "204.178.125.65"]
[Date "2001.09.10"]
[Round "?"]
[White "Hossa"]
[Black "Tinker"]
[Result "0-1"]
[WhiteElo "2609"]
[BlackElo "2415"]
[PlyCount "152"]
[EventDate "2001.??.??"]

1. d4 Nf6 2. Nf3 e6 3. c4 d5 4. Nc3 Be7 5. Bf4 c5 6. cxd5 Nxd5 7. Nxd5 exd5 8.
dxc5 Bxc5 9. Qc2 Bb4+ 10. Bd2 Bxd2+ 11. Nxd2 Nc6 12. e3 O-O 13. Bd3 Qh4 14. Nf3
Qh5 15. h3 Nb4 16. Qd2 Nxd3+ 17. Qxd3 Rd8 18. Nd4 Qg5 19. g3 Re8 20. O-O-O Qf6
21. Rd2 Bd7 22. h4 Rac8+ 23. Kb1 Rc4 24. Rc1 b5 25. Rdc2 a6 26. b3 Rxc2 27.
Qxc2 a5 28. Qc7 Bf5+ 29. Ka1 Be6 30. f3 a4 31. b4 Bh3 32. Rc3 h6 33. Kb2 Rd8
34. Nxb5 Rd7 35. Qc8+ Kh7 36. g4 Rd8 37. g5 Rxc8 38. gxf6 Rb8 39. Rc5 Bf1 40.
Nd4 Rxb4+ 41. Ka3 Rc4 42. Rxd5 gxf6 43. e4 Bh3 44. h5 Bg2 45. Rd7 Kh8 46. Nf5
Bxf3 47. Nd6 Rc3+ 48. Kb4 Rc2 49. Nxf7+ Kg8 50. Nxh6+ Kh8 51. Rd8+ Kh7 52. Ng8
Rc6 53. Kb5 Bxe4 54. Kxa4 f5 55. Kb5 Re6 56. a4 f4 57. Kc4 f3 58. h6 Rg6 59.
Ne7 Rf6 60. Rd7 Rf7 61. Kc5 f2 62. Rd1 Rxe7 63. Rf1 Rf7 64. a5 Bd3 65. Ra1 Re7
66. Rd1 Re1 67. Rxd3 f1=Q 68. Rd7+ Kxh6 69. Rd6+ Kg5 70. Rd5+ Kg4 71. Rd4+ Kg3
72. Ra4 Re5+ 73. Kd4 Qf4+ 74. Kd3 Re3+ 75. Kc2 Qf2+ 76. Kd1 Re1# {
Hossa checkmated} 0-1

[Event "ICS rated blitz match"]
[Site "204.178.125.65"]
[Date "2001.09.10"]
[Round "?"]
[White "Earth"]
[Black "Hossa"]
[Result "0-1"]
[WhiteElo "2217"]
[BlackElo "2588"]
[PlyCount "74"]
[EventDate "2001.??.??"]

1. d4 Nf6 2. Nf3 d5 3. c4 c6 4. Nc3 e6 5. Bg5 h6 6. Bh4 dxc4 7. e4 g5 8. Bg3
Bb4 9. e5 Ne4 10. Rc1 b5 11. Qc2 Nxg3 12. hxg3 Ba5 13. Ke2 g4 14. Ne4 gxf3+ 15.
gxf3 Qxd4 16. Nd6+ Ke7 17. f4 Na6 18. Rd1 Nb4 19. Qb1 Nd3 20. Rxd3 cxd3+ 21.
Qxd3 Qxb2+ 22. Kf3 Qxa2 23. Kg4 Qd5 24. Qe4 f5+ 25. exf6+ Kxd6 26. Kf3 Bb7 27.
Bg2 Qxe4+ 28. Kxe4 c5+ 29. Ke3 Bxg2 30. Rg1 Bd5 31. f3 Bc3 32. g4 Bd4+ 33. Ke2
Bxg1 34. f5 exf5 35. gxf5 Rae8+ 36. Kf1 Rhg8 37. f4 Bc4# {Earth checkmated} 0-1